Responses for show #464 - Thursday, September 18, 1986

Roger Storm game 5.

Contestants

Marc Wade, a systems analyst originally from Sacremento, California

Karin Hofland, a novelist from Santa Monica, California

Roger Storm, a teacher from Fairview Park, Ohio (whose 4-day cash winnings total $31,200)

Jeopardy! Round responses

BEST SELLERS
ARMED FORCES
WORDS OF THE '60s
THE DESERT
TV TRIVIA
GREAT DAMES
    $100 3
Giant

Marc
    $100 26
the Navy

Karin
    $100 13
mellow

Marc
    $100 10
roots

Karin
    $100 1
Porky

Marc
    $100 21
The Lady of the Camellias

Marc
    $200 7
paperbacks

Marc
    $200 27
the Army

Roger
    $200 14
rap

Roger
    $200 11
ostrich

Marc
    $200 2
The Monkees

Roger
    $500 22
(Marc: What is the Cathedral Montmartre?)

Cathedral of Notre Dame

Marc
    $300 8
Pilgrim's Progress

Triple Stumper
    $300 18
blow

Karin
    $300 15
(Roger: What are the equator and the Tropic of Capricorn?)
(Marc: What are the equator and the Tropic of Cancer?)

Tropic of Cancer and Tropic of Capricorn

RogerKarinMarc
    $300 4
the Loud family

Marc
    $300 23
Baa, Baa, Black Sheep

Marc
    $400 9
(Marc: Who is Hitler?)

Winston Churchill

RogerMarc
    $400 19
hangup

Roger
    $400 16
the Gobi

Karin
    $400 5
Martin Short

Marc
    $400 24
(Roger: ..."Everybody Loves a Dame.")

"There is Nothing Like a Dame"

RogerMarc
    $500 12
[ERRATUM: The American author who wrote The Crisis and The Crossing was not the English statesman of the same name.]

Winston Churchill

Triple Stumper
    $500 20
get

Marc
    $500 17
(Marc: What is a gulch?)
(Alex: Gulch?...Yeah, we'll accept that, [*], gulch, [*], you got it.)

gulch (or gulley or streambeds)

Marc
    $500 6
My Favorite Martian or Goodnight, Beantown

Karin
    $500 25
Busby Berkeley

Marc

Scores at the first commercial break (after clue 12):

Roger Karin Marc
$600 $600 $900

Scores at the end of the Jeopardy! Round:

Roger Karin Marc
$700 $1,700 $2,500

Double Jeopardy! Round responses

KNIGHTS
MINI-COUNTRIES
ART
SCIENTISTS
TWINKIES
CRAZY TALK
    $200 21
mail

Karin
    $200 11
(Roger: What is Malaysia?)

Singapore

RogerKarin
    $200 1
an electric light bulb

Roger
    $200 4
Dan White

Karin
    $200 13
"nuts"

Karin
    $400 22
(Alex: We have about a minute to go in the round.)

Chevalier

Karin
    $400 12
Bahrain

Marc
    $400 2
(Roger: What is air?)

mercury

Roger
Triple Stumper
    $400 5
(Marc: My kids would never forgive me if I got that wrong.)

Ghostbusters

Marc
    $400 14
(Roger: What is lose touch of reality?)
(Marc: What is lose your sense? Senses?)
...
(Alex: "What is [*]?" Remember we're dealing with expressions here, "Crazy Talk".)

"to take leave of one's senses"

RogerMarc
Triple Stumper
    $600 23
a falcon

Roger
    $600 18
Macau

Roger
    $600 3
color blindness

Karin
    $600 6
(Marc: I love this.)

Twinkie the Kid

Marc
    $800 15
"mad as a hatter" (or "mad as a March hare")

Karin
    $1,900 24
Edinburgh

Roger
    $800 19
Vatican City

Roger
    $800 9
George Washington Carver

Triple Stumper
    $800 7
(Alex: Yeah, trying to buy votes.)

bribery

Karin
    $800 16
"around the bend"

Karin
    $1000 25
(Marc: Who is Gallahad?)
(Roger: Who is Lancelot?)
...
(Alex: The famous poem is called "Sir Gawain and [*]".)
(The end-of-round signal sounds.)

the Green Knight

RogerMarc
Triple Stumper
    $1000 20
(Roger: What is Monaco?)
...
(Alex: If you were a stamp collector, you would know "What is [*]?")

San Marino

Roger
Triple Stumper
    $1000 10
(George) Westinghouse

Roger
    $1000 8
[ERRATUM: Clue was to have read "blow-dried"]

Linda Ellerbee

Marc
    $1000 17
(Alex: What is [*]? [Audience laughter] I don't write 'em, folks. Remember that, please.)

"out of your gourd"

Triple Stumper

Scores at the end of the Double Jeopardy! Round:

Roger Karin Marc
$2,800 $5,900 $3,500

[wagering suggestions for these scores]

Final Jeopardy! Round responses

U.S. PRESIDENTS
(Alex: [To Marc] The most recent one was Eisenhower, FDR the most obvious, and the other one was Woodrow Wilson.)
RogerWhat is 4?
$1,100
MarcWhat is 3?
$3,000
KarinWhat is 4?
$1,200
3

Final scores:

Roger Karin Marc
$1,700 $4,700 $6,500
3rd place: a Brother AX12 electronic typewriter 2nd place: a trip to Fort Walton Beach, Florida aboard Eastern Airlines with stay at The Breakers New champion: $6,500

Game dynamics:

Coryat scores:

Roger Karin Marc
$1,700 $5,700 $4,000
11 R
(including 1 DD),
7 W
15 R
(including 1 DD),
0 W
17 R,
5 W
(including 1 DD)

Combined Coryat: $11,400

The J! Archive is created by fans, for fans. The Jeopardy! game show and all elements thereof, including but not limited to copyright and trademark thereto, are the property of Jeopardy Productions, Inc. and are protected under law. This website is not affiliated with, sponsored by, or operated by Jeopardy Productions, Inc. Join the discussion at JBoard.tv.